|
|
|
|
| LEADER |
01179nam a22002777a 4500 |
| 003 |
GR-PaULI |
| 005 |
20210117210913.0 |
| 007 |
ta |
| 008 |
190522s1973 u ||||f s||| 00| 0 eng d |
| 952 |
|
|
|0 0
|1 0
|2 nlm
|4 0
|6 HB36617_KHA
|7 1
|9 232338
|a MEDI
|b MEDI
|c DON
|d 2019-05-28
|i 1483
|l 0
|o HB3661.7 KHA
|p 025000175426
|r 2019-05-28 00:00:00
|t 1
|v 2019.00
|w 2019-05-28
|y BKN
|z Δωρεά Β. Βαλαώρα (αίθουσα δωρεών)
|
| 999 |
|
|
|c 141119
|d 141119
|
| 040 |
|
|
|a GR-PaULI
|b gre
|c GR-PaULI
|e AACR2
|
| 060 |
|
|
|a HB3661.7
|
| 100 |
1 |
|
|9 175738
|a Khalifa, Atef M.
|e συγγραφέας
|
| 245 |
1 |
4 |
|a The population the Arab Republic of Egypt /
|c prepared by Atef M. Khalifa ; forward by A. E. Sarhan.
|
| 246 |
|
|
|i Τίτλος εξωφύλλου:
|a The population of Egypt.
|
| 260 |
|
|
|a Cairo :
|b CICRED,
|c 1973.
|
| 300 |
|
|
|a 127 σ. ;
|c 23 εκ.
|
| 490 |
|
|
|a C.I.C.R.E.D. series
|
| 500 |
|
|
|a 1974 world population year.
|
| 650 |
|
4 |
|9 1332
|a Πληθυσμός
|
| 650 |
|
4 |
|9 85113
|a Δημογραφική στατιστική
|
| 700 |
1 |
|
|9 175737
|a Sarhan, A. E.
|e συγγραφέας προλόγου
|
| 830 |
0 |
|
|9 175593
|a C.I.C.R.E.D. series
|
| 942 |
|
|
|2 nlm
|c BKN
|
| 998 |
|
|
|c ΜΑΝΙΑΚΗ
|d 2019
|